[Event "Tourn. n9105"]
[Site "www.chess-mail.com"]
[Date "2017.02.07"]
[Round "1"]
[White "Attatroll"]
[Black "Ditto"]
[WhiteElo "1950"]
[BlackElo "1840"]
[Result "1-0"]
[Round "1"]
1.e4 e5
2.d4 exd4
3.c3 dxc3
4.Bf1c4 cxb2
5.Bc1xb2 d6
6.Ng1f3 Nb8c6
7.O-O Bc8g4
8.Nb1c3 Ng8f6
9.Qd1b3 Bg4h5
10.Nf3g5 Bf8e7
11.Ng5xf7 Bh5xf7
12.Bc4xf7 Kf8
13.Bf7d5 Nc6d4
14.Qb3a4 c5
15.f3 Ra8b8
16.Qa4xa7 Nf6d7
17.Nc3b5 Nd7f6
18.Bb2xd4 cxd4
19.Nb5xd4 Nf6d7
20.Nd4e6 Ke8
21.Ne6xg7  { time }
1-0

[Event "Tourn. n9197"]
[Site "www.chess-mail.com"]
[Date "2017.02.07"]
[Round "1"]
[White "Goofy"]
[Black "Darko10"]
[WhiteElo "2340"]
[BlackElo "2650"]
[Result "0-1"]
[Round "1"]
1.e4 c5
2.Ng1f3 d6
3.d4 cxd4
4.Nf3xd4 Ng8f6
5.Nb1c3 a6
6.Bf1e2 e5
7.Nd4b3 Bf8e7
8.Bc1e3 Bc8e6
9.O-O O-O
10.f4 exf4
11.Rf1xf4 Nb8c6
12.Nc3d5 Nc6e5
13.Nd5xe7 Qd8xe7
14.Nb3d2 d5
15.Be3d4 Qe7d6
16.exd5 Be6xd5
17.c4 Bd5xg2
18.Bd4xe5 Qd6xe5
19.Rf4xf6 Qe5xf6
20.Kxg2 Rf8d8
21.Qd1c2 Qf6g5
{ resign }
0-1

[Event "Tourn. n9114"]
[Site "www.chess-mail.com"]
[Date "2017.02.07"]
[Round "1"]
[White "Genius3"]
[Black "Mancini"]
[WhiteElo "1860"]
[BlackElo "1799"]
[Result "0-1"]
[Round "1"]
1.Ng1f3 Ng8f6
2.c4 e6
3.d4 d5
4.cxd5 exd5
5.Bc1f4 Bf8d6
6.Bf4xd6 Qd8xd6
7.Nb1c3 c6
8.e3 Bc8f5
9.Bf1d3 Bf5xd3
10.Qd1xd3 Nb8d7
11.O-O O-O
12.Rf1e1 Rf8e8
13.a3 Nf6e4
14.Ra1c1 Nd7f6
15.Nf3d2 Nf6g4
16.Nd2f3 Ng4xf2
17.Qd3f1 Ne4xc3
18.Rc1xc3 Nf2e4
19.Rc3c1 Re8e6
20.Qf1e2 Ra8e8
21.Qe2d3 Qd6e7
22.b4 Ne4d6
23.Nf3e5 f6
24.Ne5g4 h5
25.Ng4f2 Re6xe3
26.Re1xe3 Qe7xe3
27.Qd3xe3 Re8xe3
28.a4 Re3b3
29.b5 cxb5
30.axb5 Nd6xb5
31.Rc1d1 a5
32.h3 a4
{ resign }
0-1

[Event "Tourn. n9034"]
[Site "www.chess-mail.com"]
[Date "2017.02.07"]
[Round "1"]
[White "Tonino1"]
[Black "Fabos12"]
[WhiteElo "2030"]
[BlackElo "2110"]
[Result "1-0"]
[Round "1"]
1.f4 Ng8f6
2.d4 d5
3.e3 Bc8f5
4.Bf1d3 Bf5xd3
5.cxd3 e6
6.Ng1f3 Nb8d7
7.b3 c5
8.Bc1b2 Bf8d6
9.Nb1d2 O-O
10.O-O Ra8c8
11.Ra1c1 b6
12.Nf3e5 Nf6e8
13.Rf1f3 f6
14.Ne5xd7 Qd8xd7
15.dxc5 bxc5
16.e4 d4
17.Nd2c4 Bd6b8
18.Bb2a3 Ne8d6
19.Nc4xd6 Bb8xd6
20.e5 fxe5
21.fxe5 Bd6e7
22.Rf3xf8 Be7xf8
23.Qd1f3 Qd7c6
24.Qf3xc6 Rc8xc6
25.b4 Rc6a6
26.Ba3b2 Ra6xa2
27.Bb2a1 Kf7
28.bxc5 Bf8xc5
29.h3 Bc5b6
30.Rc1d1 Ra2e2
31.Rd1f1 Kg6
32.Rf1f4 h5
33.Ba1xd4 Bb6xd4
34.Rf4xd4 a5
35.Rd4d6 Re2xe5
36.Rd6a6 Kf5
37.Kf2 g5
38.d4 Re5d5
39.Ke3 g4
40.h4 Rd5b5
41.g3 Rb5b3
42.Kf2 Rb3b2
43.Kg1 Rb2a2
44.Kf1 a4
45.Ra6a5 Kg6
46.Ra5g5 Kh6
47.Rg5e5 Ra2a1
48.Kf2  { time }
1-0

[Event "Tourn. n9184"]
[Site "www.chess-mail.com"]
[Date "2017.02.07"]
[Round "1"]
[White "Norlavuaram"]
[Black "Yoj"]
[WhiteElo "2070"]
[BlackElo "1900"]
[Result "1-0"]
[Round "1"]
1.e4 e6
2.d4 d5
3.Nb1d2 Ng8f6
4.e5 Nf6d7
5.Bf1d3 Nb8c6
6.c3 Nd7xe5
7.dxe5 Nc6xe5
8.Bd3c2 c5
9.Ng1f3 Ne5g4
10.O-O Bf8d6
11.h3 Ng4e5
12.Nf3xe5 Bd6xe5
13.Rf1e1 Qd8c7
14.Nd2f3 Be5d6
15.Qd1xd5 O-O
16.Qd5h5 g6
17.Qh5h6 b5
18.Nf3g5 f6
19.Ng5f3 Rf8f7
20.Bc1e3 Bc8b7
21.Nf3d2 f5
22.Nd2f1 Qc7c6
23.f3 Bd6f8
24.Qh6f4 Bf8d6
25.Qf4h4 Bd6e7
26.Qh4f2 f4
27.Be3d2 c4
28.Kh1 Ra8d8
29.Ra1d1 Be7c5
30.Qf2e2 Rd8e8
31.Bc2e4 Qc6b6
32.Be4xb7 Rf7xb7
33.Bd2xf4 Bc5f2
34.Bf4e3 Bf2xe3
35.Qe2xe3 Qb6c7
36.Qe3e5 Qc7f7
37.Rd1d6 a5
38.Rd6xe6 Re8xe6
39.Qe5xe6 a4
40.Nf1g3  { time }
1-0

[Event "Tourn. n9055"]
[Site "www.chess-mail.com"]
[Date "2017.02.07"]
[Round "1"]
[White "Obisporey"]
[Black "Loper10"]
[WhiteElo "2610"]
[BlackElo "2680"]
[Result "1/2-1/2"]
[Round "1"]
1.e4 c5
2.Ng1f3 d6
3.d4 cxd4
4.Nf3xd4 Ng8f6
5.Nb1c3 a6
6.Bc1g5 e6
7.f4 Qd8b6
8.Qd1d2 Nb8c6
9.O-O-O Qb6xd4
10.Qd2xd4 Nc6xd4
11.Rd1xd4 h6
12.Bg5xf6 gxf6
13.Nc3a4 Bc8d7
14.Na4b6 Ra8d8
15.Nb6xd7 Kxd7
16.Bf1e2 h5
17.Rd4d3 h4
18.Rd3h3 Bf8h6
19.Rh3xh4 e5
20.Kd1 Bh6xf4
21.Rh4xh8 Rd8xh8
22.h4 d5
23.exd5 Kd6
24.c4 f5
25.h5 e4
26.Rh1h3 Bf4e5
27.h6 Be5xb2
28.h7 Bb2e5
29.Rh3h6 Kc5
30.Rh6h5 Kd4
31.Kc1 Be5d6
32.Kd1 Bd6e5
33.Ke1 Be5g3
34.Kd2 Bg3e5
35.Kc2 Be5d6
36.Be2f1 Ke3
37.Kd1 f4
38.Bf1e2 f5
39.Ke1 Bd6b4
40.Kf1 Bb4c5
41.Rh5h6 Bc5f8
42.Rh6h5 Bf8c5
43.Rh5h6 Bc5f8
44.Rh6h3 Kd2
45.Rh3h4 Bf8c5
46.Rh4h2 Ke3
47.Rh2h5 { draw }
1/2-1/2

[Event "Tourn. n9153"]
[Site "www.chess-mail.com"]
[Date "2017.02.07"]
[Round "1"]
[White "Iko"]
[Black "Nulladies"]
[WhiteElo "1700"]
[BlackElo "1790"]
[Result "0-1"]
[Round "1"]
1.e4 c5
2.e5 Nb8c6
3.f4 d6
4.Bf1b5 a6
5.Bb5xc6 bxc6
6.Qd1f3 Bc8f5
7.Qf3h5 g6
8.Qh5f3 d5
9.c4 Bf5e4
10.Qf3e3 Be4xg2
11.Qe3xc5 Qd8c7
12.cxd5 Bg2xd5
13.Ng1f3 Bd5xf3
14.Rh1g1 e6
15.Qc5c3 Bf3d5
16.d4 Ng8h6
17.b3 a5
18.Nb1d2 Bf8b4
19.Qc3e3 Nh6f5
20.Qe3h3 Qc7b6
21.Bc1b2 Bb4xd2
22.Kxd2 Nf5xd4
23.Qh3d3 Nd4f5
24.Ra1c1 Ra8d8
25.Rg1g4 Bd5f3
26.Bb2d4 Nf5xd4
27.Rg4g3 Nd4f5
28.Qd3xd8 Qb6xd8
29.Ke1 Nf5xg3
30.Rc1xc6 Qd8d1
31.Kf2 Qd1f1
32.Kxg3 Qf1g2
33.Kh4 Qg2g4

0-1

[Event "Tourn. n9138"]
[Site "www.chess-mail.com"]
[Date "2017.02.07"]
[Round "1"]
[White "Jose"]
[Black "Aperturaf"]
[WhiteElo "2760"]
[BlackElo "2380"]
[Result "1-0"]
[Round "1"]
1.Ng1f3 d5
2.c4 d4
3.b4 g6
4.Bc1b2 Bf8g7
5.g3 e5
6.d3 a5
7.b5 Nb8d7
8.Bf1g2 Ng8f6
9.Bb2a3 Bg7f8
10.Qd1c1 Bf8b4
11.Ba3xb4 axb4
12.Nb1d2 Qd8e7
13.O-O O-O
14.Nd2b3 Rf8e8
15.Nf3e1 Nd7b6
16.Ne1c2 Nb6a4
17.a3 Na4c3
18.Rf1e1 bxa3
19.e3 dxe3
20.Re1xe3 Nf6g4
21.Re3e1 a2
22.Qc1b2 Nc3a4
23.Qb2xa2 Na4b6
24.Qa2b2 Ra8xa1
25.Qb2xa1 Bc8f5
26.c5 Nb6d7
27.Qa1c3 Bf5e6
28.d4 exd4
29.Nc2xd4 Qe7f6
30.Qc3d2 Nd7e5
31.f4 Ne5c4
32.Qd2c3 Nc4e3
33.Re1xe3 Ng4xe3
34.Qc3xe3 Qf6d8
35.Nb3d2 Be6d5
36.Qe3c3 Qd8e7
37.Nd2b3 Bd5xg2
38.Kxg2 Re8a8
39.Qc3c2 Qe7e3
40.Qc2e2 Qe3xe2
41.Nd4xe2 Ra8a3
42.Ne2d4 f5
43.Kf3 Kf7
44.Ke3 b6
45.cxb6 cxb6
46.Kd3 Ke7
47.Kc4 Kd6
48.Nd4c2 Ra3a2
49.Kc3 Ra2a7
50.Nc2e3 Ra7a2
51.Ne3c4 Kc7
52.Nb3d2 Ra2a1
53.Nc4e3 Ra1h1
54.Ne3f1 Kd7
55.Kd4 Kd6
56.h4 h5
57.Ke3 { resign }
1-0

[Event "Tourn. n9182"]
[Site "www.chess-mail.com"]
[Date "2017.02.07"]
[Round "1"]
[White "Yoj"]
[Black "Faerieking"]
[WhiteElo "2150"]
[BlackElo "2180"]
[Result "0-1"]
[Round "1"]
1.b3 Ng8f6
2.Bc1b2 e6
3.f4 b6
4.d3 d5
5.e3 Bc8b7
6.Nb1d2 Bf8d6
7.Bf1e2 c5
8.Ng1f3 Nb8d7
9.c4 Ra8c8
10.O-O O-O
11.d4 Qd8e7
12.Be2d3 Rf8d8
 { time }
0-1

[Event "Match"]
[Site "www.echecsemail.com"]
[Date "2017.02.07"]
[Round "1"]
[White "Yoj"]
[Black "Momahony"]
[WhiteElo "1749"]
[BlackElo "1699"]
[Result "0-1"]
[Round "1"]
1.f4 g6
2.e4 Bf8g7
3.c3 c5
4.Ng1f3 Nb8c6
5.Bf1c4 Ng8h6
6.d4 cxd4
7.Nf3xd4 Qd8b6
8.Nd4xc6 dxc6
9.b4 Bc8g4
10.Qd1b3 O-O
11.h3 Bg4d7
12.a4 a5
13.b5 e6
14.e5 Nh6f5
15.Bc4e2 Nf5g3
16.Rh1f1 Ng3xf1
17.Be2xf1 f6
18.Nb1a3 fxe5
19.Na3c4 Qb6d8
20.fxe5 Qd8h4
21.Kd1 Rf8xf1
22.Kc2 Qh4e4
23.Kb2 Bg7xe5
 { time }
0-1

[Event "Match"]
[Site "www.echecsemail.com"]
[Date "2017.02.07"]
[Round "1"]
[White "Pdebonis"]
[Black "Genius7"]
[WhiteElo "1499"]
[BlackElo "1890"]
[Result "1-0"]
[Round "1"]
1.e4 d6
2.d4 Ng8f6
3.Nb1c3 g6
4.Ng1f3 Bf8g7
5.Bf1e2 O-O
6.O-O c6
7.Rf1e1 Bc8g4
8.Bc1e3 Qd8c7
9.h3 Bg4xf3
10.Be2xf3 e5
11.d5 cxd5
12.Nc3xd5 Nf6xd5
13.Qd1xd5 Nb8c6
14.c3 Nc6e7
15.Qd5b5 a6
16.Qb5b6 Qc7xb6
17.Be3xb6 Ne7c6
18.Re1d1 Ra8c8
19.Rd1xd6 f5
20.Ra1d1 fxe4
21.Bf3xe4 Nc6e7
22.Be4xb7 Rc8b8
23.Rd6d7 Ne7f5
24.Bb6a7 Rb8e8
25.Bb7xa6 { resign }
1-0

[Event "Match"]
[Site "www.echecsemail.com"]
[Date "2017.02.07"]
[Round "1"]
[White "Jwc"]
[Black "Guidom"]
[WhiteElo "1269"]
[BlackElo "2050"]
[Result "0-1"]
[Round "1"]
1.d4 d5
2.c4 e6
3.e3 c6
4.c5 e5
5.dxe5 Bf8xc5
6.g3 Bc8f5
7.Bf1g2 Nb8d7
8.Ng1e2 Nd7xe5
9.O-O Ng8f6
10.Nb1c3 O-O
11.Bc1d2 Ne5c4
12.b3 Nc4xd2
13.Qd1xd2 Nf6e4
14.Nc3xe4 Bf5xe4
15.Bg2xe4 dxe4
16.Qd2c1 Qd8e7
17.a4 Ra8d8
18.Rf1d1 Rd8xd1
19.Qc1xd1 Rf8d8
20.Qd1c2 Bc5b4
21.Ra1d1 a5
22.Rd1xd8 Qe7xd8
23.Qc2xe4 Qd8d1
24.Kg2 Qd1xe2
25.Qe4e8 Bb4f8
26.Qe8b8 Qe2a6
27.f4 g6
28.e4 Qa6b6
29.h3 Qb6xb3
30.e5 Kg7
31.Qb8c7 Qb3d5
32.Kh2 Bf8c5
 { time }
0-1

[Event "Match"]
[Site "www.echecsemail.com"]
[Date "2017.02.07"]
[Round "1"]
[White "Raulazo"]
[Black "Ditto"]
[WhiteElo "1830"]
[BlackElo "1860"]
[Result "1-0"]
[Round "1"]
1.c4 e5
2.e4 Ng8f6
3.Ng1f3 Nb8c6
4.d4 d6
5.d5 Nc6b8
6.Bc1g5 Bc8g4
7.Bf1e2 Bf8e7
8.Nf3d2 Bg4xe2
9.Qd1xe2 O-O
10.O-O  { time }
1-0

[Event "Match"]
[Site "www.echecsemail.com"]
[Date "2017.02.07"]
[Round "1"]
[White "Pariolinius"]
[Black "Jwc"]
[WhiteElo "1940"]
[BlackElo "1269"]
[Result "1-0"]
[Round "1"]
1.Ng1f3 c5
2.c4 d6
3.e4 Nb8c6
4.d4 cxd4
5.Nf3xd4 e5
6.Nd4f3 Ng8f6
7.Nb1c3 Bf8e7
8.Bf1e2 O-O
9.h3 Bc8e6
10.b3 a6
11.O-O b5
12.Bc1b2 Nc6d4
13.Be2d3 bxc4
14.bxc4 d5
15.cxd5 Nf6xd5
16.Nc3xd5  { time }
1-0

[Event "Match"]
[Site "www.echecsemail.com"]
[Date "2017.02.07"]
[Round "1"]
[White "Balbyns"]
[Black "Genius9"]
[WhiteElo "1759"]
[BlackElo "1620"]
[Result "1-0"]
[Round "1"]
1.e4 c5
2.Ng1f3 d6
3.Bf1c4 e6
4.Nb1c3 Ng8f6
5.Qd1e2 Nb8c6
6.d3 Bf8e7
7.O-O O-O
8.a3 a6
9.Rf1e1 b5
10.Bc4b3 Bc8b7
11.h3 Qd8c7
12.Bc1f4 e5
13.Bf4g5 h6
14.Bg5d2 Nc6d4
15.Nf3xd4 cxd4
16.Nc3d5 Nf6xd5
17.exd5 f5
18.Qe2xe5 dxe5
19.d6 { resign }
1-0

[Event "Match"]
[Site "www.echecsemail.com"]
[Date "2017.02.07"]
[Round "1"]
[White "Curtis73"]
[Black "Iko"]
[WhiteElo "1719"]
[BlackElo "1650"]
[Result "1-0"]
[Round "1"]
1.Ng1f3 Nb8c6
2.e4 e5
3.d4 d6
4.Bf1b5 Bc8d7
5.Nb1c3 exd4
6.Nf3xd4 Nc6xd4
7.Bb5xd7 Qd8xd7
8.Qd1xd4 O-O-O
9.Qd4xa7 Qd7c6
10.O-O Bf8e7
11.a4 b6
12.a5 Kd7
13.Nc3d5 Rd8a8
14.Nd5xb6 Ke6
15.Qa7xa8 Qc6xc2
16.Qa8d5 Kf6
17.Qd5f5 
1-0

[Event "Match"]
[Site "www.echecsemail.com"]
[Date "2017.02.07"]
[Round "1"]
[White "Andregor"]
[Black "Yoj"]
[WhiteElo "2540"]
[BlackElo "1960"]
[Result "1-0"]
[Round "1"]
1.e4 g6
2.d4 c5
3.d5 e6
4.Nb1c3 Bf8g7
5.Nc3b5 Bg7e5
6.Ng1f3 Be5c7
7.e5 Nb8a6
8.d6 Bc7a5
9.c3  { time }
1-0

[Event "Match"]
[Site "www.echecsemail.com"]
[Date "2017.02.07"]
[Round "1"]
[White "Pdebonis"]
[Black "Irene"]
[WhiteElo "1759"]
[BlackElo "2160"]
[Result "1-0"]
[Round "1"]
1.d4 d5
2.Ng1f3 Nb8c6
3.c4 dxc4
4.d5 Nc6b4
5.Qd1a4 Qd8d7
6.Qa4xb4 Qd7xd5
7.Nb1c3 Qd5c6
8.Nf3e5 a5
9.Qb4b5 Qc6xb5
10.Nc3xb5 f6
11.Nb5xc7 Kd8
12.Nc7xa8 fxe5
13.Bc1d2 Bc8f5
14.Bd2xa5 Ke8
15.e4 Bf5xe4
16.Bf1xc4 b5
17.Na8c7 Kd7
18.Bc4xb5 Kd6
19.O-O-O Kc5
20.b4 
1-0

[Event "Match"]
[Site "www.echecsemail.com"]
[Date "2017.02.07"]
[Round "1"]
[White "Yoj"]
[Black "Fbeley"]
[WhiteElo "1809"]
[BlackElo "2010"]
[Result "0-1"]
[Round "1"]
1.Ng1f3 d5
2.Nb1c3 Ng8f6
3.d4 Bc8f5
4.Bc1f4 e6
5.e3 Bf8b4
6.Qd1d2 c5
7.dxc5 Bb4xc5
8.Bf1e2 Nb8c6
9.Be2b5 O-O
10.Nf3e5 Nc6xe5
11.Bf4xe5 a6
12.Be5xf6 Qd8xf6
13.Bb5d3 Rf8d8
14.Bd3xf5 Qf6xf5
15.O-O Ra8c8
16.a3 d4
17.e4 Qf5e5
18.Nc3a4 Bc5d6
19.f4 Qe5xe4
20.Ra1c1 Rc8c6
21.Rf1e1 Qe4xf4
22.Qd2xf4 Bd6xf4
 { time }
0-1

[Event "1/128 Finale"]
[Site "www.chess-mail.com"]
[Date "2017.02.07"]
[Round "1"]
[White "Ilusion"]
[Black "Momahony"]
[WhiteElo "2190"]
[BlackElo "1699"]
[Result "0-1"]
[Round "1"]
1.d4 d5
2.c4 c6
3.Nb1c3 Ng8f6
4.Ng1f3 a6
5.e3 b5
6.cxd5 cxd5
7.Bf1d3 Bc8b7
8.O-O e6
9.Rf1e1 Bf8e7
10.Nf3e5 Nb8c6
11.f4 O-O
12.Qd1f3 Ra8c8
13.g4 b4
14.Nc3e2 Nf6e4
15.Bd3xe4 dxe4
16.Qf3xe4 Nc6xe5
17.Qe4xe5 Be7f6
18.Qe5h5 g6
19.Qh5h3 Qd8d5
20.Ne2g3 Rc8c2
21.Re1e2 Rf8c8
22.Bc1d2 Rc2xb2
23.f5 Rc8c2
24.e4 Qd5xd4
25.Bd2e3 Qd4d3
{ resign }
0-1

[Event "1/128 Finale"]
[Site "www.chess-mail.com"]
[Date "2017.02.07"]
[Round "1"]
[White "Attatroll"]
[Black "Norwich"]
[WhiteElo "1930"]
[BlackElo "1760"]
[Result "1-0"]
[Round "1"]
1.e4 Ng8f6
2.e5 Nf6d5
3.Ng1f3 d6
4.d4 Bc8g4
5.Bf1e2 e6
6.O-O Nb8c6
7.c3 dxe5
8.Nf3xe5 Nc6xe5
9.Be2xg4 Ne5xg4
10.Qd1xg4 Nd5f6
11.Qg4g5 Qd8d5
12.Rf1e1 Qd5xg5
13.Bc1xg5 Bf8e7
14.Nb1d2 h6
15.Bg5xf6 Be7xf6
16.d5 Ke7
17.dxe6 fxe6
18.Nd2e4 Rh8d8
19.Ne4c5 e5
20.Nc5xb7 Rd8b8
21.Nb7c5 Rb8xb2
22.Nc5d3 Rb2b5
23.f4 Ke6
24.fxe5 Bf6xe5
25.Nd3f4 Kf5
26.Nf4e2 Ra8e8
27.Kf1 Be5xh2
28.Ne2d4 { resign }
1-0

[Event "Fast Game"]
[Site "www.echecsemail.com"]
[Date "2017.02.07"]
[Round "1"]
[White "Attatroll"]
[Black "Sandokam"]
[WhiteElo "1860"]
[BlackElo "2019"]
[Result "0-1"]
[Round "1"]
1.e4 c6
2.d4 d5
3.f3 Qd8b6
4.Nb1c3 dxe4
5.Nc3xe4 Bc8f5
6.c3 Nb8d7
7.Qd1e2 e6
8.Bc1e3 Ng8f6
9.d5 Qb6a5
10.dxc6 bxc6
11.Qe2d2 Nf6xe4
12.fxe4 Bf5xe4
13.Bf1d3 Be4xd3
14.Qd2xd3 Nd7e5
15.Qd3e4 Qa5d5
16.Qe4xd5 cxd5
17.O-O-O Bf8d6
18.Ng1f3 Ne5xf3
19.gxf3 Kd7
20.c4 Rh8c8
21.Rd1d4 Bd6c5
22.Rd4d3 Bc5xe3
23.Rd3xe3 Rc8xc4
24.Kd2 Ra8c8
25.Re3c3 e5
26.Rh1g1 g6
27.Rc3a3 Rc4c2
28.Kd3 Rc8c7
29.Rg1g5 f5
30.h4 Rc2xb2
31.h5 Rb2b6
32.hxg6 hxg6
33.Rg5g2 Ke7
34.Rg2h2 Kf6
{ resign }
0-1

[Event "Fast Game"]
[Site "www.echecsemail.com"]
[Date "2017.02.07"]
[Round "1"]
[White "Pellix84"]
[Black "Avefenix17"]
[WhiteElo "1650"]
[BlackElo "1599"]
[Result "0-1"]
[Round "1"]
1.Ng1f3 d5
2.d4 Ng8f6
3.c4 e6
4.Nb1c3 c6
5.Bc1g5 dxc4
6.a4 Bf8b4
7.e3 b5
8.axb5 cxb5
9.Nf3e5 Bc8b7
10.Qd1c2 Qd8c7
11.Bg5xf6 gxf6
12.Ne5g4 Nb8d7
13.e4 Qc7f4
14.f3 f5
15.exf5 exf5
16.Qc2e2 Kf8
17.Ng4e5 Nd7xe5
18.dxe5 Ra8d8
19.Ra1d1 Rd8e8
20.g3 { time. }
0-1

[Event "Tourn. n9228"]
[Site "www.chess-mail.com"]
[Date "2017.02.08"]
[Round "1"]
[White "Libiesse"]
[Black "Nulladies"]
[WhiteElo "1830"]
[BlackElo "1750"]
[Result "0-1"]
[Round "1"]
1.d4 Ng8f6
2.c4 e6
3.Ng1f3 c5
4.Bc1g5 h6
5.Bg5h4 Bf8e7
6.e3 b6
7.Nb1c3 Bc8b7
8.d5 exd5
9.cxd5 Nf6xd5
10.Bh4xe7 Nd5xc3
11.Qd1d6 Qd8xe7
{ resign }
0-1

[Event "Tourn. n9164"]
[Site "www.chess-mail.com"]
[Date "2017.02.08"]
[Round "1"]
[White "Balbyns"]
[Black "A27l"]
[WhiteElo "1439"]
[BlackElo "1290"]
[Result "1-0"]
[Round "1"]
1.e4 e5
2.Ng1f3 d6
3.Nb1c3 c6
4.Bf1c4 Ng8f6
5.O-O Bf8e7
6.d3 h6
7.h3 O-O
8.Rf1e1 Nf6h7
9.Bc1e3 Be7g5
10.Qd1d2 Bg5xe3
11.Qd2xe3 Bc8e6
12.Bc4xe6 fxe6
13.Nc3e2 Nh7g5
14.Nf3xg5 Qd8xg5
15.Qe3xg5 hxg5
16.c4 c5
{ time. }
1-0

[Event "Tourn. n9170"]
[Site "www.chess-mail.com"]
[Date "2017.02.08"]
[Round "1"]
[White "Rons"]
[Black "Hippomoomoo"]
[WhiteElo "2550"]
[BlackElo "2310"]
[Result "1/2-1/2"]
[Round "1"]
1.e4 e5
2.Ng1f3 Nb8c6
3.Bf1b5 Ng8f6
4.O-O Nf6xe4
5.d4 a6
6.Bb5a4 b5
7.Ba4b3 d5
8.dxe5 Bc8e6
9.Nb1d2 Bf8c5
10.Nd2xe4 dxe4
11.Bb3xe6 Qd8xd1
12.Rf1xd1 fxe6
13.Nf3g5 O-O
14.Ng5xe4 Bc5b6
15.Kf1 a5
16.a4 b4
17.f3 Rf8f5
18.c3 bxc3
19.bxc3 Nc6xe5
20.Ne4g3 Rf5f6
21.Ra1a2 Rf6f7
22.Ra2e2 Rf7d7
23.Rd1xd7 Ne5xd7
24.Re2xe6 Nd7c5
25.Re6e7 Ra8d8
26.Bc1f4 Rd8d1
27.Ke2 Rd1g1
28.Bf4xc7 Rg1xg2
29.Kf1 Rg2b2
30.Ng3h5 Bb6xc7
31.Re7xg7 Kf8
32.Rg7xc7 Nc5xa4
33.h4 Rb2h2
34.Nh5f6 Rh2xh4
35.Nf6xh7 Ke8
36.Nh7g5 Rh4h2
37.Ng5e4 Rh2c2
38.c4 Na4b2
39.c5 Nb2a4
40.Rc7a7 Na4xc5
41.Ne4f6 Kf8
{ draw }
1/2-1/2

[Event "Tourn. n9108"]
[Site "www.chess-mail.com"]
[Date "2017.02.08"]
[Round "1"]
[White "Roserl"]
[Black "Bojan"]
[WhiteElo "2120"]
[BlackElo "1980"]
[Result "1-0"]
[Round "1"]
1.e4 e5
2.Ng1f3 d6
3.d4 exd4
4.Nf3xd4 c5
5.Nd4f3 Nb8c6
6.Bf1c4 h6
7.O-O Qd8f6
8.Nb1c3 Bc8g4
9.Bc4e2 a6
10.Nc3d5 Qf6d8
11.c3 Ng8f6
12.h3 Bg4h5
13.Qd1c2 Bh5g6
14.Be2d3 b5
15.b3 Nf6d7
16.Rf1e1 Nd7e5
17.Nf3xe5 Nc6xe5
18.Bd3f1 Ra8a7
19.f4 Ne5c6
20.Bf1d3 Nc6e7
21.Bc1b2 Bg6h5
22.c4 bxc4
23.Bd3xc4 Ne7c8
24.e5 Qd8d7
25.exd6 Kd8
26.Ra1d1 Bh5xd1
27.Re1xd1 f6
28.Nd5e7 Nc8xd6
29.Ne7g6 Kc7
30.Ng6xh8 Qd7e7
31.Qc2d2 Kc6
32.Nh8g6 Qe7e8
33.Qd2d5 Kc7
34.Qd5xc5 Kb8
35.Ng6xf8 Qe8xf8
36.Rd1xd6 Qf8e8
37.Qc5b6 Ra7b7
38.Rd6d8 { resign }
1-0

[Event "Tourn. n9115"]
[Site "www.chess-mail.com"]
[Date "2017.02.08"]
[Round "1"]
[White "Paulsyd"]
[Black "A27l"]
[WhiteElo "1099"]
[BlackElo "1300"]
[Result "1-0"]
[Round "1"]
1.e4 e5
2.Ng1f3 d6
3.d4 exd4
4.Qd1xd4 Nb8c6
5.Bf1b5 Bc8d7
6.Bb5xc6 Bd7xc6
7.Nb1c3 Ng8f6
8.Bc1g5 Bf8e7
9.O-O-O O-O
10.e5 dxe5
11.Qd4xe5 Qd8e8
12.Rd1e1 Be7d8
13.Qe5f4 Qe8d7
14.Nf3e5 Qd7c8
15.Ne5xc6 bxc6
16.Qf4d4 Nf6d5
{ time. }
1-0

[Event "Tourn. n9054"]
[Site "www.chess-mail.com"]
[Date "2017.02.08"]
[Round "1"]
[White "Passaroa25"]
[Black "Lachouette"]
[WhiteElo "1590"]
[BlackElo "1489"]
[Result "1-0"]
[Round "1"]
1.e4 e5
2.Ng1e2 d6
3.Ne2g3 Nb8c6
4.c3 Ng8f6
5.f3 Bc8e6
6.d3 Qd8d7
7.Nb1d2 O-O-O
8.Bf1e2 Bf8e7
9.Nd2b3 Nc6b8
10.Bc1e3 c5
11.Be3f2 Be6xb3
12.Qd1xb3 b5
13.O-O Qd7b7
14.Ng3f5 g6
15.Nf5h6 d5
16.Nh6xf7 c4
17.Nf7xd8 Be7xd8
18.dxc4 dxc4
19.Be2xc4 bxc4
20.Qb3xb7 Kxb7
21.g4 h5
22.g5 Nf6d7
23.h4 Nb8c6
24.b4 Rh8f8
25.Kg2 Rf8f4
26.Bf2g3 Rf4f8
27.Ra1d1 Nd7b6
28.Rd1d6 Bd8c7
29.Rd6xg6 Nb6a4
30.Bg3e1 Na4b2
31.Rg6h6 Nb2d3
32.Be1d2 Nd3f4
33.Bd2xf4 exf4
34.a4 Nc6e5
35.Rh6xh5 a5
{ time. }
1-0

[Event "Tourn. n9164"]
[Site "www.chess-mail.com"]
[Date "2017.02.08"]
[Round "1"]
[White "A27l"]
[Black "Vasylpuzanov"]
[WhiteElo "1290"]
[BlackElo "1420"]
[Result "0-1"]
[Round "1"]
1.d4 d5
2.e3 Ng8f6
3.h3 Bc8f5
4.Ng1f3 e6
5.Bf1d3 Bf5g6
6.Bd3xg6 hxg6
7.O-O Bf8d6
8.Nf3h2 { time. }
0-1

[Event "Tourn. n9155"]
[Site "www.chess-mail.com"]
[Date "2017.02.08"]
[Round "1"]
[White "Norlavuaram"]
[Black "Comrade"]
[WhiteElo "2130"]
[BlackElo "2280"]
[Result "0-1"]
[Round "1"]
1.e4 e5
2.Ng1f3 Nb8c6
3.Bf1b5 d6
4.c3 Ng8f6
5.Qd1e2 a6
6.Bb5a4 b5
7.Ba4b3 h6
8.O-O Bc8e6
9.Bb3c2 Bf8e7
10.d4 exd4
11.cxd4 Be6g4
12.Rf1d1 O-O
13.Nb1c3 Nf6d7
14.h3 Bg4xf3
15.Qe2xf3 Be7g5
16.Bc1xg5 Qd8xg5
17.Ra1c1 Nc6xd4
18.Qf3d3 c5
19.Bc2b1 b4
20.Nc3d5 Nd7e5
21.Qd3e3 Qg5xe3
22.fxe3 Nd4e2
23.Kf1 Ne2xc1
24.Rd1xc1 Ra8a7
25.Ke2 f6
26.Bb1c2 g5
27.Bc2b3 Kg7
28.Rc1d1 a5
29.Bb3a4 f5
30.exf5 Rf8xf5
31.Ba4c2 Rf5f8
32.Nd5b6 Rf8d8
33.Nb6d5 a4
34.Nd5b6 b3
35.axb3 axb3
36.Bc2e4 Ra7a6
37.Nb6d5 Ra6a2
38.Rd1b1 Ne5c4
39.Nd5c3 Ra2xb2
40.Rb1xb2 Nc4xb2
41.Be4d5 c4
42.Kd2 Kf6
43.Bd5f3 Ke5
44.Bf3d5 Rd8f8
45.Bd5f3 Nb2d3
{ resign }
0-1

[Event "Tourn. n9082"]
[Site "www.chess-mail.com"]
[Date "2017.02.08"]
[Round "1"]
[White "Lachouette"]
[Black "Passaroa25"]
[WhiteElo "1579"]
[BlackElo "1590"]
[Result "0-1"]
[Round "1"]
1.d4 c6
2.e4 d6
3.f3 f6
4.Ng1e2 Bc8e6
5.c3 Be6f7
6.Ne2g3 g6
7.Nb1d2 Nb8d7
8.Nd2b3 b6
9.Bf1a6 Nd7b8
10.Ba6d3 e6
11.Bc1e3 Ng8e7
12.Qd1c2 e5
13.d5 Bf8g7
14.dxc6 Ne7xc6
15.O-O-O Nb8d7
16.Rh1e1 Qd8c7
17.Rd1d2 O-O-O
18.Ng3e2 Kb8
19.Kd1 h5
20.Nb3c1 g5
21.g3 Bf7g6
22.h3 h4
23.g4 Rh8f8
24.b4 Bg6f7
25.Bd3a6 Rf8e8
26.b5 Nc6a5
27.Nc1b3 { time. }
0-1

[Event "Tourn. n9106"]
[Site "www.chess-mail.com"]
[Date "2017.02.08"]
[Round "1"]
[White "Redabond"]
[Black "Ditto"]
[WhiteElo "1710"]
[BlackElo "1840"]
[Result "1-0"]
[Round "1"]
1.d4 d5
2.Nb1c3 Ng8f6
3.Bc1f4 c6
4.Ng1f3 Bc8g4
5.Nf3e5 Bg4f5
6.e3 e6
7.Bf1d3 Bf5g4
8.f3 Bg4h5
9.O-O Bf8d6
10.e4 dxe4
11.Bd3xe4 O-O
12.g4 Bh5g6
13.Be4xg6 fxg6
14.Ne5d3 Nf6d5
15.Nc3xd5 cxd5
16.Bf4xd6 Rf8f7
17.Bd6e5 Nb8c6
18.g5 Rf7f5
19.Nd3c5 Qd8xg5
20.Kf2 Qg5h4
21.Be5g3 Qh4e7
22.Qd1e2  { time }
1-0

[Event "Tourn. n9180"]
[Site "www.chess-mail.com"]
[Date "2017.02.08"]
[Round "1"]
[White "Falcoale"]
[Black "Pariolinius"]
[WhiteElo "1880"]
[BlackElo "1940"]
[Result "1-0"]
[Round "1"]
1.e4 c5
2.Ng1f3 d6
3.b3 a6
4.Bc1b2 e5
5.c4 Ng8f6
6.Bf1d3 Nb8c6
7.a3 Bf8e7
8.h3 O-O
9.O-O Nf6h5
10.Nb1c3 Nh5f4
11.Bd3c2 Bc8e6
12.Nc3e2 Nf4xe2
13.Qd1xe2 Nc6d4
14.Nf3xd4 cxd4
15.f4 Be7h4
16.f5 Be6d7
17.d3 Qd8f6
18.a4 Bh4g5
19.Bb2c1 Bg5h4
20.Qe2g4 Kh8
21.g3 Bh4xg3
22.Qg4xg3 Rf8g8
23.Bc1g5 h6
24.Bg5xf6 gxf6
25.Kh2 Rg8xg3
26.Kxg3 Ra8g8
27.Kf3 Rg8g7
28.Rf1g1 Rg7h7
29.Rg1g3 { resign }
1-0

[Event "Match"]
[Site "www.echecsemail.com"]
[Date "2017.02.08"]
[Round "1"]
[White "Whitekknight"]
[Black "Jwc"]
[WhiteElo "1910"]
[BlackElo "1269"]
[Result "1-0"]
[Round "1"]
1.e4 c5
2.Ng1f3 d5
3.exd5 Qd8xd5
4.Nb1c3 Qd5d7
5.Bf1b5 Nb8c6
6.Nf3e5 Qd7e6
7.Qd1e2 a6
8.Bb5xc6 bxc6
9.O-O f6
10.Ne5f3 Qe6xe2
11.Nc3xe2 g6
12.d3 Bf8g7
13.Rf1e1 e5
14.Ne2f4 Ng8e7
15.Nf4e2 O-O
16.Bc1e3 Ne7d5
17.Be3d2 Ra8b8
18.Ra1b1  { time }
1-0

[Event "Match"]
[Site "www.echecsemail.com"]
[Date "2017.02.08"]
[Round "1"]
[White "Gimmyg"]
[Black "Pdebonis"]
[WhiteElo "2500"]
[BlackElo "2390"]
[Result "0-1"]
[Round "1"]
1.Ng1f3 Ng8f6
2.b3 d5
3.Bc1b2 Bc8f5
4.c4 e6
5.e3 Nb8c6
6.cxd5 Nc6b4
7.Nf3d4 Qd8xd5
8.Nb1c3 Qd5a5
9.Qd1f3 O-O-O
10.a3 Nb4d3
11.Bf1xd3 Bf5xd3
12.Ra1c1 e5
13.b4 Qa5a6
14.Qf3g3 Bf8d6
15.Nd4b3 Kb8
16.f3 Rh8e8
17.Qg3xg7 Bd6f8
18.Qg7g3 Qa6e6
19.Nb3c5 Bf8xc5
20.bxc5 Qe6b3
21.Bb2a1 Qb3xa3
22.Kf2 Nf6d7
23.c6 Nd7c5
24.Qg3h4 e4
25.cxb7 Bd3a6
{ resign }
0-1